000 00514nam a2200193 a 4500
001 1777287825930
003 YourLibrary
005 20260427163530.0
008 260427s2004##################000#0#eng##
020 _a9781843768173
082 0 4 _a382.9
_bDIL
100 1 _aDas, Dilip K.,
_eauthor.
245 1 0 _aRegionalism in Global Trade :
260 _bEdward Elgar Publishing,
_c2004.
300 _a248 pages
650 0 _aBusiness & Economics.
942 _cENGLISH
040 _aYourLibrary
_beng
_cYourLibrary
999 _c620119
_d620119